ការប្រមូល រក្សាទុកនូវសមូហកម្មពូជស្រូវប្រពៃណីនៅប្រទេលកម្ពុជា (Record no. 139)
[ view plain ]
| 000 -LEADER | |
|---|---|
| fixed length control field | 00539nam a22001577a 4500 |
| 003 - CONTROL NUMBER IDENTIFIER | |
| control field | OSt |
| 005 - DATE AND TIME OF LATEST TRANSACTION | |
| control field | 20150908151956.0 |
| 008 - FIXED-LENGTH DATA ELEMENTS--GENERAL INFORMATION | |
| fixed length control field | 150908b xxu||||| |||| 00| 0 eng d |
| 040 ## - CATALOGING SOURCE | |
| Transcribing agency | RUA |
| 082 ## - DEWEY DECIMAL CLASSIFICATION NUMBER | |
| Classification number | AGR ឈន 1993 B007 Or.1 |
| 100 ## - MAIN ENTRY--PERSONAL NAME | |
| 9 (RLIN) | 158 |
| Personal name | ឈន និល |
| 245 ## - TITLE STATEMENT | |
| Title | ការប្រមូល រក្សាទុកនូវសមូហកម្មពូជស្រូវប្រពៃណីនៅប្រទេលកម្ពុជា |
| 260 ## - PUBLICATION, DISTRIBUTION, ETC. (IMPRINT) | |
| Place of publication, distribution, etc. | Phnom Penh |
| Name of publisher, distributor, etc. | RUA |
| Date of publication, distribution, etc. | 1993 |
| 300 ## - PHYSICAL DESCRIPTION | |
| Extent | 155p. |
| Other physical details | ill. |
| Dimensions | 29cm. |
| 942 ## - ADDED ENTRY ELEMENTS (KOHA) | |
| Source of classification or shelving scheme | |
| Koha item type | AGR |
| Price effective from | Date last seen | Permanent Location | Not for loan | Date acquired | Source of classification or shelving scheme | Koha item type | Barcode | Lost status | Damaged status | Shelving location | Withdrawn status | Current Location | Full call number |
|---|---|---|---|---|---|---|---|---|---|---|---|---|---|
| 2015-09-08 | 2015-09-08 | Library Block B | 2015-09-08 | AGR | RUA005355 | B007 | Library Block B | AGR ឈន 1993 B007 Or.1 | |||||
| 2015-09-08 | 2015-09-08 | Library Block B | 2015-09-08 | AGR | RUA005353 | B007 | Library Block B | AGR ឈន 1993 B007 Or.2 | |||||
| 2015-09-08 | 2015-09-08 | Library Block B | 2015-09-08 | AGR | RUA005679 | B007 | Library Block B | AGR ឈន 1993 B007 Or.3 | |||||
| 2015-09-08 | 2015-09-08 | Library Block B | 2015-09-08 | AGR | RUA005639 | B007 | Library Block B | AGR ឈន 1993 B007 Or.4 | |||||
| 2015-09-08 | 2015-09-08 | Library Block B | 2015-09-08 | AGR | RUA005506 | B007 | Library Block B | AGR ឈន 1993 B007 Or.5 | |||||
| 2016-01-26 | 2016-01-26 | Library Block B | 2016-01-26 | AGR | RUA043512 | Library Block B | AGR ឈន 1993 B007 Or.6 |